[Event "Santo Antonio"]
[Site "Santo Antonio POR"]
[Date "2002.05.22"]
[Round "3"]
[White "Campora, Daniel"]
[Black "Spraggett, Kevin"]
[Result "0-1"]
[WhiteElo "2544"]
[BlackElo "2515"]
[PlyCount "90"]
[EventDate "2002.05.20"]
[EventType "tourn"]
[EventRounds "9"]
[EventCountry "POR"]
[EventCategory "9"]
[Source "Mark Crowther"]
[SourceDate "2002.05.27"]

1. e4 g6 2. d4 d6 3. h4 Nf6 4. Nc3 Bg7 5. Be2 c6 6. h5 b5 7. h6 Bf8 8. a3 Qc7
9. Bg5 Nbd7 10. d5 Bb7 11. Nf3 a6 12. Qd2 c5 13. Qf4 Ng8 14. Qh4 O-O-O 15. O-O
Kb8 16. Nd2 f6 17. Be3 g5 18. Qh5 Bxh6 19. b4 f5 20. bxc5 Ndf6 21. Qh2 f4 22.
Bd4 dxc5 23. Nxb5 axb5 24. Bc3 Bg7 25. Bxb5 Ng4 26. Qh3 Bxc3 27. Qxc3 N8f6 28.
Rfb1 Kc8 29. f3 Ne3 30. Nc4 Nxc4 31. Qxc4 Qd6 32. Bc6 Bxc6 33. Rb6 Nxd5 34.
Qa6+ Kd7 35. Rd1 Ra8 36. Rb7+ Bxb7 37. Qxb7+ Nc7 38. Rxd6+ exd6 39. e5 dxe5 40.
Qe4 Kd6 41. Qd3+ Ke7 42. Qc3 Kf6 43. Qxc5 Ne6 44. Qc3 Rhd8 45. Kh2 h5 0-1

[Event "Santo Antonio"]
[Site "Santo Antonio POR"]
[Date "2002.05.24"]
[Round "5"]
[White "Galego, Luis"]
[Black "Spraggett, Kevin"]
[Result "1/2-1/2"]
[WhiteElo "2532"]
[BlackElo "2515"]
[PlyCount "77"]
[EventDate "2002.05.20"]
[EventType "tourn"]
[EventRounds "9"]
[EventCountry "POR"]
[EventCategory "9"]
[Source "Mark Crowther"]
[SourceDate "2002.05.27"]

1. e4 d6 2. d4 g6 3. Nf3 Nf6 4. Bd3 Bg7 5. h3 O-O 6. O-O Nc6 7. Re1 e5 8. c3
Qe7 9. Na3 Kh8 10. Nc2 Ng8 11. dxe5 Nxe5 12. Nxe5 dxe5 13. b3 Rd8 14. Qe2 f5
15. Ba3 Qg5 16. Rad1 f4 17. Kh2 h5 18. Bc4 Nh6 19. Rxd8+ Qxd8 20. Rd1 Qf6 21.
Qd3 Kh7 22. Qd8 g5 23. Qxc7 g4 24. Be7 g3+ 25. Kg1 gxf2+ 26. Kf1 Qg6 27. Bf8
Bxh3 28. Qxg7+ Qxg7 29. Bxg7 Bg4 30. Rd5 Kxg7 31. Rxe5 Kf6 32. Rd5 Re8 33. Rd6+
Kg7 34. Kxf2 Rxe4 35. Bd3 Nf7 36. Rg6+ Kxg6 37. Bxe4+ Bf5 38. Bxf5+ Kxf5 39.
Nd4+ 1/2-1/2

[Event "Santo Antonio"]
[Site "Santo Antonio POR"]
[Date "2002.05.26"]
[Round "7"]
[White "Spraggett, Kevin"]
[Black "Fernandez Romero, Ernesto"]
[Result "1-0"]
[WhiteElo "2515"]
[BlackElo "2352"]
[PlyCount "116"]
[EventDate "2002.05.20"]
[EventType "tourn"]
[EventRounds "9"]
[EventCountry "POR"]
[EventCategory "9"]
[Source "Mark Crowther"]
[SourceDate "2002.05.27"]

1. e4 e6 2. d4 d5 3. Nc3 Bb4 4. e5 c5 5. a3 Bxc3+ 6. bxc3 Ne7 7. Nf3 b6 8. Bb5+
Bd7 9. Bd3 Ba4 10. h4 h6 11. h5 c4 12. Bf1 Kd7 13. g3 Qg8 14. Bh3 Qh7 15. Ra2
Kc7 16. O-O Nd7 17. Nh4 Rhg8 18. Ng2 Kb7 19. Ne3 Raf8 20. Kh2 a5 21. Qe2 Ka7
22. Bd2 g5 23. Be1 Nc6 24. Rb2 Nd8 25. Bg2 Bc6 26. Ng4 Ba4 27. Ne3 Bc6 28. Bd2
f5 29. exf6 Nxf6 30. Rfb1 Qc7 31. Kg1 Be8 32. Rxb6 Bxh5 33. g4 Bg6 34. Nxc4
dxc4 35. d5 Nd7 36. d6 Qxb6 37. Rxb6 Nxb6 38. Qe5 Nd5 39. Qd4+ Kb8 40. Bxd5
exd5 41. Qb6+ Nb7 42. Be3 Re8 43. Qa7+ Kc8 44. Bc5 Re1+ 45. Kh2 Rb1 46. Qa8+
Kd7 47. Qxg8 Nxc5 48. Qxg6 Ne6 49. Qf7+ Kxd6 50. Qa7 Rb2 51. Qxa5 Rxc2 52. Qb6+
Ke5 53. a4 Rxc3 54. Qb8+ Kd4 55. a5 Nc5 56. Qh8+ Kd3 57. Qe5 Nb3 58. a6 Nd4 1-0

[Event "Santo Antonio"]
[Site "Santo Antonio POR"]
[Date "2002.05.27"]
[Round "8"]
[White "Dias, Paulo"]
[Black "Spraggett, Kevin"]
[Result "1/2-1/2"]
[WhiteElo "2357"]
[BlackElo "2515"]
[PlyCount "156"]
[EventDate "2002.05.20"]
[EventType "tourn"]
[EventRounds "9"]
[EventCountry "POR"]
[EventCategory "9"]
[Source "Mark Crowther"]
[SourceDate "2002.06.03"]

1. d4 Nf6 2. c4 d6 3. Nf3 Nbd7 4. g3 e5 5. Bg2 c6 6. Nc3 Be7 7. O-O O-O 8. e4
Re8 9. h3 a6 10. Be3 b6 11. Nh4 g6 12. f4 Bb7 13. Qf3 exd4 14. Bxd4 c5 15. Bf2
b5 16. Qd3 bxc4 17. Qxc4 Bf8 18. Rad1 Qb6 19. Rfe1 Qb4 20. Qd3 Rab8 21. b3 Rbc8
22. g4 a5 23. Bf3 c4 24. bxc4 Qxc4 25. Qxc4 Rxc4 26. Bd4 d5 27. e5 Ne4 28. Nxe4
dxe4 29. Bxe4 Bxe4 30. Rxe4 Nc5 31. Re2 Ne6 32. Be3 Nxf4 33. Bxf4 Rxf4 34. Kg2
a4 35. Nf3 a3 36. Rd4 Rxd4 37. Nxd4 Rd8 38. Re4 Rb8 39. Kf3 Rb2 40. Re2 Rb4 41.
Re4 Rb2 42. e6 fxe6 43. Nxe6 Be7 44. Re2 Kf7 45. Nf4 Bd6 46. Nd3 Rb5 47. Ke4
Kf6 48. Rf2+ Kg5 49. Rf7 h5 50. gxh5 gxh5 51. Rd7 Bb8 52. Rd4 Rb1 53. Ra4 Rh1
54. Nf2 Re1+ 55. Kf3 Rg1 56. Ke2 Bg3 57. Ne4+ Kf5 58. Kf3 Be5 59. Rxa3 h4 60.
Ra5 Rf1+ 61. Nf2 Ke6 62. Ke2 Ra1 63. Nd3 Bd6 64. Ra4 Kf5 65. Ne1 Bg3 66. Ng2
Rh1 67. Ne3+ Kg5 68. Ra5+ Kg6 69. Ra6+ Kf7 70. a4 Rxh3 71. a5 Rh2+ 72. Kf3 Ra2
73. Ra8 Ke6 74. a6 Kd7 75. Nd5 Ra3+ 76. Kg4 Kc6 77. Ne7+ Kb6 78. Nf5 Rxa6
1/2-1/2

[Event "Santo Antonio"]
[Site "Santo Antonio POR"]
[Date "2002.05.28"]
[Round "9"]
[White "Spraggett, Kevin"]
[Black "Pinheiro, Jose P"]
[Result "1/2-1/2"]
[WhiteElo "2515"]
[BlackElo "2368"]
[PlyCount "20"]
[EventDate "2002.05.20"]
[EventType "tourn"]
[EventRounds "9"]
[EventCountry "POR"]
[EventCategory "9"]
[Source "Mark Crowther"]
[SourceDate "2002.06.03"]

1. c4 c5 2. Nc3 Nc6 3. g3 g6 4. Bg2 Bg7 5. e3 h5 6. h3 Nh6 7. Nge2 Nf5 8. b3 d6
9. Bb2 Bd7 10. O-O O-O 1/2-1/2

[Event "Coria del Rio op"]
[Site "Coria del Rio ESP"]
[Date "2002.02.15"]
[Round "3"]
[White "Lauridsen, Jesper"]
[Black "Spraggett, Kevin"]
[Result "1/2-1/2"]
[WhiteElo "2283"]
[BlackElo "2541"]
[PlyCount "58"]
[EventDate "2002.02.13"]
[EventType "swiss"]
[EventRounds "9"]
[EventCountry "ESP"]
[Source "ChessBase"]
[SourceDate "2002.03.14"]

1. e4 c5 2. Nf3 e6 3. d4 cxd4 4. Nxd4 a6 5. Nc3 Qc7 6. f4 b5 7. Bd3 Bb7 8. O-O
Bc5 9. Be3 Nc6 10. Nce2 Nf6 11. c3 Be7 12. Ng3 h5 13. e5 Nd5 14. Qe2 g5 15.
Rae1 gxf4 16. Bxf4 Nxf4 17. Rxf4 f5 18. exf6 Qxf4 19. Nxe6 Qxf6 20. Nxh5 Qxe6
21. Ng7+ Kd8 22. Nxe6+ dxe6 23. Qxe6 Bc5+ 24. Kh1 Kc7 25. b4 Bd6 26. Qf7+ Kb6
27. Qf2+ Kc7 28. Qf7+ Kb6 29. Qf2+ Kc7 1/2-1/2

[Event "Coria del Rio op"]
[Site "Coria del Rio ESP"]
[Date "2002.02.16"]
[Round "4"]
[White "Spraggett, Kevin"]
[Black "Ramirez Pineda, Antonio"]
[Result "1-0"]
[WhiteElo "2541"]
[BlackElo "1909"]
[PlyCount "45"]
[EventDate "2002.02.13"]
[EventType "swiss"]
[EventRounds "9"]
[EventCountry "ESP"]
[Source "ChessBase"]
[SourceDate "2002.03.14"]

1. e4 e5 2. Nf3 Nc6 3. Bb5 a6 4. Ba4 Nf6 5. O-O Be7 6. Re1 b5 7. Bb3 O-O 8. a4
Bb7 9. d3 d6 10. Nbd2 Na5 11. Ba2 c5 12. Nf1 Qc7 13. Ng3 c4 14. Bd2 cxd3 15.
cxd3 Nc6 16. Nf5 b4 17. d4 a5 18. Bg5 exd4 19. N3xd4 g6 20. Nb5 Qd7 21. Nxe7+
Qxe7 22. Qxd6 Kg7 23. e5 1-0

[Event "Coria del Rio op"]
[Site "Coria del Rio ESP"]
[Date "2002.02.18"]
[Round "6"]
[White "Garcia Luque, Agustin"]
[Black "Spraggett, Kevin"]
[Result "1/2-1/2"]
[WhiteElo "2425"]
[BlackElo "2541"]
[PlyCount "166"]
[EventDate "2002.02.13"]
[EventType "swiss"]
[EventRounds "9"]
[EventCountry "ESP"]
[Source "ChessBase"]
[SourceDate "2002.03.14"]

1. Nf3 Nf6 2. g3 b6 3. Bg2 Bb7 4. O-O e6 5. d3 d5 6. Nbd2 c5 7. e4 Nc6 8. Re1
Be7 9. e5 Nd7 10. Nf1 h6 11. h4 Qc7 12. Bf4 O-O-O 13. Qd2 b5 14. a4 b4 15. Ne3
Na5 16. Nf5 Bf8 17. b3 Qb6 18. Nd6+ Bxd6 19. exd6 Nc6 20. c3 bxc3 21. Qxc3 d4
22. Qc4 Kb8 23. a5 Qa6 24. Qxa6 Bxa6 25. b4 Nxb4 26. Nxd4 Bb7 27. Rab1 Bxg2 28.
Kxg2 Ka8 29. Nb5 Rb8 30. Nc7+ Kb7 31. d4 Kc6 32. dxc5 Nd3 33. Red1 Nxf4+ 34.
gxf4 Rxb1 35. Rxb1 Nxc5 36. Rc1 Rc8 37. h5 Kd7 38. Nb5 a6 39. Nc7 Nd3 40. Rc4
Kxd6 41. Nb5+ Kd7 42. Rd4+ Ke7 43. Rxd3 axb5 44. Rb3 Rb8 45. a6 Kf6 46. Kf3 Ra8
47. Rxb5 Rxa6 48. Rb7 Ra1 49. Kg3 Rg1+ 50. Kf3 g6 51. hxg6 Rxg6 52. Rb5 Rg8 53.
Rh5 Kg6 54. Rb5 Rd8 55. Kg3 Rd3+ 56. f3 Rd5 57. Rb7 h5 58. Ra7 Rf5 59. Ra4 Kf6
60. Rb4 Rd5 61. Rb7 Kg6 62. Ra7 Rd4 63. Ra5 f6 64. Ra8 h4+ 65. Kxh4 Rxf4+ 66.
Kg3 e5 67. Ra3 Rd4 68. Rb3 Kg5 69. Rb5 Rd3 70. Ra5 Kg6 71. Kf2 Kf5 72. Kg3 Ke6
73. Ra6+ Rd6 74. Ra5 f5 75. Ra3 Rd2 76. Ra6+ Kd5 77. Ra5+ Kd4 78. f4 Rd3+ 79.
Kf2 exf4 80. Rxf5 Ke4 81. Ra5 Rd2+ 82. Kf1 Ke3 83. Ra3+ Rd3 1/2-1/2

[Event "Coria del Rio op"]
[Site "Coria del Rio ESP"]
[Date "2002.02.19"]
[Round "7"]
[White "Spraggett, Kevin"]
[Black "Campora, Daniel"]
[Result "0-1"]
[WhiteElo "2541"]
[BlackElo "2542"]
[PlyCount "81"]
[EventDate "2002.02.13"]
[EventType "swiss"]
[EventRounds "9"]
[EventCountry "ESP"]
[Source "ChessBase"]
[SourceDate "2002.03.14"]

1. d4 Nf6 2. c4 d6 3. Nc3 Nbd7 4. Nf3 e5 5. e4 Be7 6. Be2 O-O 7. O-O c6 8. Qc2
a6 9. Rd1 Qc7 10. Bg5 h6 11. Bh4 Re8 12. Rac1 Nf8 13. h3 Nh5 14. Bxe7 Qxe7 15.
dxe5 dxe5 16. Na4 Nf4 17. Nb6 Rb8 18. c5 Be6 19. Bf1 Rbd8 20. b4 Qf6 21. Nh2
Rd4 22. Rxd4 exd4 23. Kh1 Rd8 24. Qd2 N8g6 25. g3 Nxh3 26. f4 Nhxf4 27. gxf4
Nxf4 28. Nc4 Rd5 29. Nd6 Rh5 30. Bg2 Rxh2+ 31. Kxh2 Ne2 32. Qxe2 Qf4+ 33. Kg1
Qxc1+ 34. Bf1 a5 35. bxa5 d3 36. Qxd3 Qxc5+ 37. Kg2 Qxa5 38. Nxb7 Qxa2+ 39. Qe2
Qa3 40. Kh2 Qb4 41. Qa6 0-1

[Event "Coria del Rio op"]
[Site "Coria del Rio ESP"]
[Date "2002.02.21"]
[Round "8"]
[White "Garrido, Jesus"]
[Black "Spraggett, Kevin"]
[Result "0-1"]
[WhiteElo "2141"]
[BlackElo "2541"]
[PlyCount "50"]
[EventDate "2002.02.13"]
[EventType "swiss"]
[EventRounds "9"]
[EventCountry "ESP"]
[Source "ChessBase"]
[SourceDate "2002.03.14"]

1. e4 c5 2. Nf3 e6 3. d4 cxd4 4. Nxd4 a6 5. Nc3 Qc7 6. Bd3 Nf6 7. f4 d6 8. O-O
g6 9. Be3 Bg7 10. Nde2 O-O 11. Ng3 b5 12. f5 Nbd7 13. fxe6 fxe6 14. Qd2 Bb7 15.
Nce2 Ng4 16. a4 Nxe3 17. Qxe3 b4 18. Kh1 Bxb2 19. Rab1 Be5 20. Rxb4 Nc5 21.
Rfb1 a5 22. Rb6 Bc8 23. R6b5 Nxa4 24. Qh6 Nc5 25. Nc1 Bf4 0-1

[Event "Seville op"]
[Site "Seville ESP"]
[Date "2002.01.15"]
[Round "5"]
[White "Spraggett, Kevin"]
[Black "Teran Alvarez, Ismael"]
[Result "1-0"]
[WhiteElo "2541"]
[BlackElo "2392"]
[PlyCount "85"]
[EventDate "2002.01.11"]
[EventType "swiss"]
[EventRounds "9"]
[EventCountry "ESP"]
[Source "ChessBase"]
[SourceDate "2002.03.14"]

1. e4 c5 2. Nf3 e6 3. d3 Nc6 4. g3 g6 5. Bg2 Bg7 6. c3 Nge7 7. O-O O-O 8. Qe2
d6 9. Na3 e5 10. Nc2 f5 11. b4 Kh8 12. Rb1 cxb4 13. cxb4 Be6 14. b5 Na5 15.
exf5 gxf5 16. Nb4 Rc8 17. Ng5 Bg8 18. f4 h6 19. Nh3 Qd7 20. Be3 b6 21. Rfd1 Rc3
22. fxe5 dxe5 23. Qd2 f4 24. Qxc3 fxe3 25. Qe1 Be6 26. Qxe3 Bxh3 27. Bxh3 Qxh3
28. Rf1 Rxf1+ 29. Rxf1 Qg4 30. Qe4 Qxe4 31. dxe4 Ng6 32. Rf7 Bf8 33. Nd5 Bc5+
34. Kg2 Nc4 35. Nf6 Nf8 36. a4 Ne3+ 37. Kf3 Nf1 38. Rxa7 h5 39. h3 Nd2+ 40. Ke2
Nb3 41. Kd3 h4 42. gxh4 Nd4 43. Kc4 1-0

[Event "Seville op"]
[Site "Seville ESP"]
[Date "2002.01.19"]
[Round "9"]
[White "Spraggett, Kevin"]
[Black "Garcia Luque, Agustin"]
[Result "1-0"]
[WhiteElo "2541"]
[BlackElo "2425"]
[PlyCount "79"]
[EventDate "2002.01.11"]
[EventType "swiss"]
[EventRounds "9"]
[EventCountry "ESP"]
[Source "ChessBase"]
[SourceDate "2002.03.14"]

1. Nf3 Nf6 2. g3 g6 3. b3 Bg7 4. Bb2 O-O 5. c4 d6 6. Bg2 e5 7. d3 a5 8. O-O Na6
9. Nc3 Bd7 10. Rb1 Rb8 11. a3 Qc8 12. Re1 Bh3 13. Bh1 Qg4 14. Qd2 h6 15. Nd5 b6
16. Nxf6+ Bxf6 17. Qxh6 Nc5 18. Bc1 Ne6 19. Bd2 Rbe8 20. b4 axb4 21. axb4 Ra8
22. Rbc1 Ra2 23. Bg2 Bxg2 24. Kxg2 Rxd2 25. Qxd2 Kg7 26. h3 Qf5 27. e4 Qh5 28.
Qd1 Rh8 29. Rh1 Be7 30. d4 f5 31. exf5 Qxf5 32. d5 Nd8 33. Qe2 Nf7 34. Ra1 Bf6
35. Ra7 e4 36. Nd2 Re8 37. Rxc7 b5 38. Nf1 Bd4 39. Ne3 Bxe3 40. fxe3 1-0

[Event "FRA-Tch2 2002-03"]
[Site "FRA"]
[Date "2002.03.09"]
[Round "8"]
[White "Spraggett, Kevin"]
[Black "Payen, Arnaud"]
[Result "1-0"]
[WhiteElo "2541"]
[BlackElo "2388"]
[PlyCount "87"]
[EventDate "2002.??.??"]
[EventType "team"]
[EventRounds "11"]
[EventCountry "FRA"]
[Source "ChessBase"]
[SourceDate "2002.11.25"]
[WhiteTeam "Bordeaux Echecs I"]
[BlackTeam "Bagneux"]
[WhiteTeamCountry "FRA"]
[BlackTeamCountry "FRA"]

1. e4 Nf6 2. e5 Nd5 3. d4 d6 4. Nf3 g6 5. Bc4 Nb6 6. Bb3 Bg7 7. O-O O-O 8. exd6
cxd6 9. h3 Nc6 10. Re1 h6 11. c3 e5 12. Nbd2 Bf5 13. Nf1 g5 14. a4 Nc8 15. Ng3
Bg6 16. Bc2 exd4 17. Bxg6 fxg6 18. cxd4 d5 19. Ra3 N8e7 20. Rae3 Rf7 21. b4
Nxb4 22. Ne5 Bxe5 23. dxe5 Nbc6 24. e6 Rf4 25. Rb3 Rd4 26. Qf3 Qf8 27. Qxf8+
Rxf8 28. Rxb7 Rxa4 29. Be3 Rb8 30. Rd7 d4 31. Bd2 Ra2 32. Ne4 Rbb2 33. Rd1 a5
34. h4 a4 35. hxg5 h5 36. Bf4 Re2 37. R1xd4 Ra1+ 38. Kh2 Ree1 39. Rxe7 Nxe7 40.
Rd8+ Kh7 41. Be5 Rh1+ 42. Kg3 Nf5+ 43. Kf3 Nh4+ 44. Kf4 1-0

[Event "FRA-Tch2 2002-03"]
[Site "FRA"]
[Date "2002.03.??"]
[Round "9.2"]
[White "Spraggett, Kevin"]
[Black "Hernandez, Gilberto"]
[Result "1/2-1/2"]
[WhiteElo "2541"]
[BlackElo "2547"]
[PlyCount "39"]
[EventDate "2002.??.??"]
[EventType "team"]
[EventRounds "11"]
[EventCountry "FRA"]
[Source "ChessBase"]
[SourceDate "2002.11.25"]

1. e4 c5 2. Nf3 Nc6 3. d4 cxd4 4. Nxd4 Nf6 5. Nc3 e5 6. Ndb5 d6 7. a4 h6 8. Nd5
Nxd5 9. exd5 Ne7 10. c3 Nf5 11. Bd3 g6 12. O-O Bg7 13. Qb3 O-O 14. Qb4 Re8 15.
a5 a6 16. Na3 Ne7 17. Bc4 Nf5 18. Bd3 Ne7 19. Bc4 Nf5 20. Bd3 1/2-1/2

[Event "Sitges op"]
[Site "Sitges ESP"]
[Date "2002.07.19"]
[Round "1"]
[White "Cortiles Gutierrez, Ramon"]
[Black "Spraggett, Kevin"]
[Result "0-1"]
[WhiteElo "2020"]
[BlackElo "2533"]
[PlyCount "76"]
[EventDate "2002.??.??"]
[EventType "swiss"]
[EventRounds "9"]
[EventCountry "ESP"]
[Source "ChessBase"]
[SourceDate "2002.11.25"]

1. Nf3 Nf6 2. c4 d6 3. Nc3 Nbd7 4. d4 c6 5. Bg5 h6 6. Bh4 g5 7. Bg3 Nh5 8. e3
Bg7 9. Nd2 Nxg3 10. hxg3 Nf6 11. Qc2 a6 12. a4 c5 13. dxc5 dxc5 14. Nb3 Qc7 15.
a5 Bd7 16. Be2 e6 17. Bf3 g4 18. Be2 h5 19. Bd3 O-O-O 20. O-O-O Kb8 21. Kb1 Ka7
22. Nb5+ axb5 23. cxb5 Kb8 24. b6 Qe5 25. Nxc5 Rc8 26. Rc1 Bc6 27. Qc4 Ne4 28.
Qb4 Nxc5 29. Rxc5 Qd6 30. Qa3 Rhd8 31. Bc2 Bf8 32. b4 Qd2 33. a6 Bxc5 34. bxc5
bxa6 35. Rd1 Qe2 36. Rd3 Rxd3 37. Bxd3 Qd1+ 38. Kb2 Qd2+ 0-1

[Event "Sitges op"]
[Site "Sitges ESP"]
[Date "2002.07.20"]
[Round "2"]
[White "Spraggett, Kevin"]
[Black "Luque Castells, Jordi"]
[Result "1/2-1/2"]
[WhiteElo "2533"]
[BlackElo "2112"]
[PlyCount "110"]
[EventDate "2002.??.??"]
[EventType "swiss"]
[EventRounds "9"]
[EventCountry "ESP"]
[Source "ChessBase"]
[SourceDate "2002.11.25"]

1. e4 c6 2. d4 d5 3. Nc3 dxe4 4. Nxe4 Bf5 5. Ng3 Bg6 6. h4 h6 7. Nf3 Nd7 8. h5
Bh7 9. Bd3 Bxd3 10. Qxd3 Qc7 11. Bd2 e6 12. O-O-O Ngf6 13. Ne4 O-O-O 14. g3 Nc5
15. Nxc5 Bxc5 16. Kb1 Bd6 17. c4 c5 18. Bc3 cxd4 19. Nxd4 a6 20. Qe2 Kb8 21.
Nb3 Qe7 22. a3 Bc7 23. Bb4 Qe8 24. Rxd8+ Bxd8 25. g4 Qc6 26. f3 Bb6 27. Rc1 Rd8
28. Bc3 Qd7 29. g5 Ne8 30. gxh6 gxh6 31. c5 Bc7 32. c6 Qd5 33. Nd4 Bb6 34. Qh2+
Nc7 35. cxb7 Kxb7 36. Rc2 Nb5 37. Nxb5 Qxb5 38. Bd2 Rd5 39. Qf4 Rf5 40. Qe4+
Qd5 41. Bxh6 Qxe4 42. fxe4 Rxh5 43. Bg7 Rh1+ 44. Rc1 Rxc1+ 45. Kxc1 Kc6 46. Kc2
f5 47. exf5 exf5 48. Bh6 Kd5 49. Kd3 Bd4 50. b4 Bb6 51. a4 Bg1 52. Be3 Bxe3 53.
Kxe3 Kc4 54. b5 axb5 55. axb5 Kxb5 1/2-1/2

[Event "Sitges op"]
[Site "Sitges ESP"]
[Date "2002.??.??"]
[Round "4"]
[White "Spraggett, Kevin"]
[Black "Voloaca, Mihnea"]
[Result "1-0"]
[WhiteElo "2541"]
[BlackElo "2139"]
[PlyCount "75"]
[EventDate "2002.??.??"]
[EventType "swiss"]
[EventRounds "9"]
[EventCountry "ESP"]
[Source "ChessBase"]
[SourceDate "2002.11.25"]

1. e4 c5 2. Nf3 Nc6 3. d4 cxd4 4. Nxd4 Nf6 5. Nc3 e5 6. Ndb5 d6 7. a4 a6 8. Na3
Bg4 9. f3 Be6 10. Bc4 Nb4 11. Bg5 Qc7 12. Bb3 Be7 13. Bxf6 Bxf6 14. O-O Bg5 15.
Kh1 O-O 16. Qe2 Rac8 17. Rfd1 Rfd8 18. Nd5 Bxd5 19. exd5 a5 20. Nb5 Qe7 21. c3
Na6 22. g3 Qd7 23. Bc2 g6 24. Qf2 Rc5 25. Bb3 Kg7 26. Na3 Rdc8 27. Re1 Nc7 28.
Rad1 Na8 29. Kg2 Nb6 30. Nb5 h5 31. h4 Bf6 32. Re2 Rh8 33. f4 Rhc8 34. Rf1 exf4
35. Qxf4 Be5 36. Rxe5 dxe5 37. Qf6+ Kg8 38. Qxb6 1-0

[Event "Sitges op"]
[Site "Sitges ESP"]
[Date "2002.??.??"]
[Round "5"]
[White "Ballon, Guenther"]
[Black "Spraggett, Kevin"]
[Result "0-1"]
[WhiteElo "2215"]
[BlackElo "2533"]
[PlyCount "90"]
[EventDate "2002.??.??"]
[EventType "swiss"]
[EventRounds "9"]
[EventCountry "ESP"]
[Source "ChessBase"]
[SourceDate "2002.11.25"]

1. d4 Nf6 2. c4 d6 3. Nf3 Nbd7 4. Nc3 c6 5. e4 e5 6. Be2 Be7 7. O-O O-O 8. h3
a6 9. d5 cxd5 10. cxd5 b5 11. Nd2 Nb6 12. b4 Bd7 13. Nb3 Rc8 14. Bd2 Rc7 15.
Na5 Qb8 16. Rc1 Rfc8 17. Qb3 Bd8 18. Qb1 h6 19. a3 Nh7 20. Qd3 Bg5 21. Bxg5
hxg5 22. Qe3 g6 23. g4 Kg7 24. Kg2 f5 25. f3 f4 26. Qd2 Nf6 27. Bd3 Qa7 28.
Rfd1 Be8 29. Be2 Ng8 30. Bd3 Ne7 31. Be2 Nd7 32. Na2 Nf6 33. Rxc7 Rxc7 34. Rc1
Rxc1 35. Nxc1 Bf7 36. Nab3 Nexd5 37. exd5 Nxd5 38. Qd3 Ne3+ 39. Kh1 Qc7 40. Qd2
Bd5 41. Na5 Qc8 42. Kh2 Qh8 43. Qe1 Nc2 44. Qc3 Qh4 45. Qxc2 Qf2+ 0-1

[Event "Sitges op"]
[Site "Sitges ESP"]
[Date "2002.07.24"]
[Round "6"]
[White "Spraggett, Kevin"]
[Black "Kuijf, Marinus"]
[Result "1-0"]
[WhiteElo "2533"]
[BlackElo "2441"]
[PlyCount "87"]
[EventDate "2002.??.??"]
[EventType "swiss"]
[EventRounds "9"]
[EventCountry "ESP"]
[Source "ChessBase"]
[SourceDate "2002.11.25"]

1. e4 e6 2. d3 d5 3. Qe2 Nf6 4. Nf3 b6 5. Nbd2 dxe4 6. dxe4 Ba6 7. Nc4 Be7 8.
Bd2 O-O 9. O-O-O Nbd7 10. Qe1 Qc8 11. Bg5 Re8 12. e5 Nd5 13. Bxe7 Nxe7 14. h4
Nc5 15. h5 h6 16. Nd4 Rd8 17. f3 Rd5 18. Nb3 Nxb3+ 19. axb3 Rxd1+ 20. Qxd1 Bb7
21. Bd3 a5 22. Qd2 a4 23. b4 Bd5 24. Na3 c5 25. c4 cxb4 26. Qxb4 Ra7 27. Bc2
Bc6 28. Qxb6 Rc7 29. Qa5 Nf5 30. Rd1 Rd7 31. Rxd7 Qxd7 32. Bxf5 exf5 33. Qd2
Qa7 34. Kc2 Bd7 35. Kd3 Qg1 36. Kc3 Be6 37. Nb5 Qh2 38. Qe2 Qxh5 39. Nd4 Bd7
40. c5 Qg5 41. c6 Qc1+ 42. Qc2 Qe3+ 43. Kc4 Bc8 44. Qxa4 1-0

[Event "Sitges op"]
[Site "Sitges ESP"]
[Date "2002.07.26"]
[Round "8"]
[White "Spraggett, Kevin"]
[Black "Lacasa Diaz, Jose Antonio"]
[Result "1/2-1/2"]
[WhiteElo "2533"]
[BlackElo "2387"]
[PlyCount "61"]
[EventDate "2002.??.??"]
[EventType "swiss"]
[EventRounds "9"]
[EventCountry "ESP"]
[Source "ChessBase"]
[SourceDate "2002.11.25"]

1. e4 c5 2. Nf3 e6 3. d4 cxd4 4. Nxd4 Nf6 5. Nc3 d6 6. Be2 Be7 7. Be3 a6 8. f4
O-O 9. O-O Nc6 10. Kh1 Bd7 11. a4 Qc7 12. Nb3 b6 13. Bf3 Rab8 14. g4 Bc8 15. g5
Nd7 16. Bg2 Re8 17. Rf2 Na5 18. Nd4 Bb7 19. f5 exf5 20. Nxf5 Bf8 21. Bd4 Ne5
22. h4 Qd8 23. b3 Nac6 24. Be3 Ne7 25. Nxe7+ Rxe7 26. Rd2 Qc7 27. Bd4 Bc6 28.
Qf1 Qb7 29. Qf2 Qc7 30. Qg3 g6 31. Rad1 1/2-1/2

[Event "Sitges op"]
[Site "Sitges ESP"]
[Date "2002.07.27"]
[Round "9"]
[White "Marcet Bisbale, Antonio"]
[Black "Spraggett, Kevin"]
[Result "1/2-1/2"]
[WhiteElo "2319"]
[BlackElo "2533"]
[PlyCount "42"]
[EventDate "2002.??.??"]
[EventType "swiss"]
[EventRounds "9"]
[EventCountry "ESP"]
[Source "ChessBase"]
[SourceDate "2002.11.25"]

1. d4 Nf6 2. c4 d6 3. Nc3 Nbd7 4. e4 e5 5. d5 Be7 6. Nf3 c6 7. Be2 O-O 8. O-O
a6 9. b4 a5 10. dxc6 bxc6 11. b5 cxb5 12. cxb5 Bb7 13. Bd3 Nc5 14. Re1 d5 15.
exd5 e4 16. Bxe4 Nfxe4 17. Nxe4 Nxe4 18. Rxe4 Bf6 19. Ne5 Qxd5 20. Qxd5 Bxd5
21. Re1 a4 1/2-1/2

[Event "POR-Tch"]
[Site "Barreiro POR"]
[Date "2001.06.14"]
[Round "1"]
[White "Spraggett, Kevin"]
[Black "Mainka, Romuald"]
[Result "1-0"]
[WhiteElo "2526"]
[BlackElo "2472"]
[PlyCount "65"]
[EventDate "2001.06.14"]
[EventType "team"]
[EventRounds "9"]
[EventCountry "POR"]
[Source "Mark Crowther"]
[SourceDate "2001.07.09"]

1. e4 e5 2. Nf3 Nc6 3. Bb5 a6 4. Ba4 Nf6 5. O-O b5 6. Bb3 Bc5 7. a4 Bb7 8. c3
d6 9. d3 O-O 10. Nbd2 Qd7 11. h3 d5 12. Re1 Rae8 13. axb5 axb5 14. Qe2 Bb6 15.
Nf1 Na5 16. Bc2 dxe4 17. dxe4 Nc4 18. Ng3 Nd6 19. Bg5 Qe6 20. Bd3 Bc6 21. Be3
Nd7 22. Bxb6 Nxb6 23. Ra7 Qd7 24. Rd1 Qc8 25. b3 Qb8 26. Ra2 Nd7 27. b4 Nb6 28.
Bc2 Bd7 29. Bb3 Be6 30. Bxe6 Rxe6 31. Nf5 Nbc4 32. Ng5 Ree8 33. Qh5 1-0

[Event "POR-Tch"]
[Site "Barreiro POR"]
[Date "2001.06.22"]
[Round "5"]
[White "Spraggett, Kevin"]
[Black "Oliveira, Luis"]
[Result "1-0"]
[WhiteElo "2526"]
[BlackElo "2136"]
[PlyCount "49"]
[EventDate "2001.06.14"]
[EventType "team"]
[EventRounds "9"]
[EventCountry "POR"]
[Source "Mark Crowther"]
[SourceDate "2001.07.09"]

1. e4 e5 2. Nf3 Nc6 3. Bb5 Bc5 4. c3 d6 5. d4 exd4 6. cxd4 Bb4+ 7. Nc3 Bd7 8.
O-O Nge7 9. Bc4 h6 10. Qb3 O-O 11. d5 Bxc3 12. dxc6 Bxc6 13. Qxc3 Bxe4 14. b4
d5 15. Bb2 Nf5 16. Rad1 c6 17. Bb3 Qd6 18. Nd2 Rfe8 19. f3 d4 20. Nxe4 dxc3 21.
Nxd6 Nxd6 22. Bxc3 Nb5 23. Ba1 Re2 24. Rd7 b6 25. Rxf7 1-0